Sports Quiz

Random Sports or Baseball Quiz
Score 0/25 Timer 06:00
0 Plays Today
OPS+ = OPS divided by league averages Players since 1900 (minimum 3000 PA) % Correct
1. 207Babe Ruth
99.6%
2. 191Ted Williams
98.1%
7. 172 (Active)Albert Pujols
98%
4. 179Lou Gehrig
96.9%
3. 182Barry Bonds
96.6%
6. 172Mickey Mantle
96.2%
12. 159Stan Musial
95.3%
22. 155 (Active)Manny Ramirez
92%
17. 156Willie Mays
90.9%
18. 156Frank Thomas
89.1%
20. 155Joe DiMaggio
88.9%
19. 155Hank Aaron
88.6%
10. 163Jimmie Foxx
88.1%
OPS+ = OPS divided by league averages Players since 1900 (minimum 3000 PA) % Correct
9. 167Ty Cobb
87.7%
23. 154Frank Robinson
83.7%
11. 162Mark McGwire
83.2%
5. 175Rogers Hornsby
79.1%
8. 170Joe Jackson
75.7%
21. 155Mel Ott
74.9%
13. 158Hank Greenberg
74.2%
15. 158Tris Speaker
58%
14. 158Johnny Mize
54.5%
16. 156Dick Allen
29.7%
24. 152Charlie Keller
10.1%
25. 151Gavvy Cravath
7%
Remove Ads.
Support Sporcle.
Get the best of Sporcle when you Go Orange. This ad-free experience offers more features, more stats, and more fun while also helping to support Sporcle. Thank you for becoming a member.

You're not logged in!

Compare scores with friends on all Sporcle quizzes.
OR
Log In

Show Comments

Extras

Top Quizzes Today


Score Distribution

Your Account Isn't Verified!

In order to create a playlist on Sporcle, you need to verify the email address you used during registration. Go to your Sporcle Settings to finish the process.

Report this User

Report this user for behavior that violates our Community Guidelines.

Details: